| 000 | 01135nam a2200313Ia 4500 | ||
|---|---|---|---|
| 001 | Z_6535 | ||
| 003 | CHAP | ||
| 008 | 220113s2009 xx 000 0 und d | ||
| 010 | _a169803 | ||
| 020 | _a978-607-17-0192-3 | ||
| 040 | _cCHAP | ||
| 082 | _a630.20112 P33 2009 | ||
| 100 |
_aPadrón Corral, Emilio _984685 |
||
| 245 |
_aDiseños experimentales : con aplicación a la agricultura y la gandería / _cEmilio Padrón Corral |
||
| 250 | _a2a ed. | ||
| 260 |
_aMéxico : _bTrillas, _c2009 |
||
| 300 | _a224 p. | ||
| 500 | _aEn portada: Para qué y cómo se realiza la experimentación, Principales métodos estadísticos, Análisis económico y utilidad práctica, Aplicación e casos reales, Ejercicios y soluciones | ||
| 503 | _aej.1: consumo (sin sellos) \ ej.2: consumo (sin sellos) | ||
| 504 | _aBibliografía: p. 219 - 220, incluye índice | ||
| 650 |
_aAgricultura _x _x Experimentacion _x _x Metodos estadisticos _9140621 |
||
| 650 |
_aExperimentos de campo _x _x Metodos estadisticos _9145092 |
||
| 901 | _a630.20112 P33 2009 | ||
| 902 | _aA | ||
| 910 | _a2009 | ||
| 942 | _c1 | ||
| 942 | _cc1 | ||
| 999 |
_c169803 _d169803 |
||